• 首页
  • 本馆介绍
  • 公告通知
  • 最新文献
  • 馆藏检索
  • 电子资源
  • 读者导购
  • 参考咨询
  • 我的图书馆
  • 登录
  • 期刊详细显示
  • 现刊情况显示
  • 合订本情况显示
  • 篇目信息显示

期刊信息

  • 表格格式
  • 工作单格式
  • 卡片格式
索取号 
D90/FLKX
题名 
法律科学
作者 
法律科学编辑部
分册号 
分册名 
出版地 
陕西
出版者 
法律科学编辑部
标准刊号 
1671-6914
出版频率 
双月刊
中图法分类 
D90
主题词 
法的理论; 法学
电子资源 
000 00646nas0 2200241 45
001 0552754062
005 20170106093036.26
010    @d12
011    @a1671-6914@dCNY10.00(2005)
091    @aCN61-1185/D
092    @b52-85
100    @a20051129d km y0chiy0120 ea
101 0  @achi
200 1  @a法律科学@AFa Lu Ke Xue@d=西北政法学院学报@f法律科学编辑部@FFa Lu Ke Xue Bian Ji Bu
210    @a陕西@c法律科学编辑部
326    @a双月刊
510    @a西北政法学院学报
606 0  @a法的理论
606 0  @a法学
690    @aD90@v4
711  0 @a法律科学编辑部@AFa Lu Ke Xue Bian Ji Bu
801  0 @aCN@bPFT@c20070422
905    @aTJWY@dD90@eFLKX
    
    法律科学=西北政法学院学报/法律科学编辑部.-陕西:法律科学编辑部
    
    ←并列题名:西北政法学院学报
    
    12 ISSN 1671-6914:CNY10.00(2005)
    
●
相关链接: 在易读查询期刊 在中国知网中查询期刊 在万方数据查询期刊 在维普查询期刊
唐山师范学院图书馆 欢迎您!
大连网信软件有限公司© 版权所有